Culture and human sexuality : a reader
Αποθηκεύτηκε σε:
| Άλλοι συγγραφείς: | , |
|---|---|
| Μορφή: | Βιβλίο |
| Γλώσσα: | English |
| Δημοσίευση: |
Pacific Grove :
Brooks/Cole ,
1993
|
| Θέματα: | |
| Ετικέτες: |
Προσθήκη ετικέτας
Δεν υπάρχουν, Καταχωρήστε ετικέτα πρώτοι!
|
MARC
| LEADER | 00000nam a2200000 i 4500 | ||
|---|---|---|---|
| 001 | 1/98294 | ||
| 008 | 950309s1993 eng d | ||
| 020 | |a 0-534-16998-8 | ||
| 035 | |l 10010882 | ||
| 040 | |a GR-MY-UA |b gre |e aacr | ||
| 041 | 0 | |a eng | |
| 082 | 0 | |a 306.7 | |
| 245 | 1 | 0 | |a Culture and human sexuality : |b a reader / |c edited by David N. Suggs, Andrew W. Miracle |
| 260 | |a Pacific Grove : |b Brooks/Cole , |c 1993 | ||
| 300 | |a 496 p. | ||
| 504 | |a Includes bibliographical references | ||
| 650 | 0 | 0 | |a Sex customs |x Cross-cultural studies. |
| 650 | 0 | 0 | |a Sex role |x Cross-cultural studies. |
| 700 | 1 | |a Suggs, David N. |d 1956- |4 edt | |
| 700 | 1 | |a Miracle, Andrew W. |4 edt | |
| 852 | |a INST |b LESVOS |e 19950309 |h 306.7 CUL |p 005100002525 |q 005100002525 |t BK |y 0 | ||
| 909 | |a Λ |b 038053 | ||